[Event "MSI Academy Final Open"]
[Site "London ENG"]
[Date "2014.11.21"]
[Round "6.2"]
[White "Gupta, Arul"]
[Black "Arkell, Keith C"]
[Result "0-1"]
[WhiteElo "2049"]
[BlackElo "2460"]

1. e4 c6 2. d4 d5 3. exd5 cxd5 4. Bd3 Nc6 5. c3 Nf6 6. Bf4 Bg4 7. Qb3 Qd7 8.
Nd2 e6 9. Ngf3 Bxf3 10. Nxf3 Bd6 11. Bxd6 Qxd6 12. O-O O-O 13. Rae1 Qc7 14.
Ne5 Nxe5 15. Rxe5 g6 16. Qd1 b5 17. Re3 b4 18. cxb4 Qb6 19. Bb1 Qxb4 20. Rb3
Qd6 21. Re1 Rfc8 22. Ree3 Ng4 23. Rg3 Qf4 {#R} 0-1

[Event "MSI Academy Final Open"]
[Site "London ENG"]
[Date "2014.11.21"]
[Round "6.3"]
[White "Kirk, Ezra"]
[Black "Hebden, Mark L"]
[Result "1/2-1/2"]
[WhiteElo "2295"]
[BlackElo "2527"]

1. d4 Nf6 2. c4 g6 3. Nc3 Bg7 4. Nf3 O-O 5. e4 d6 6. Be2 e5 7. O-O Nc6 8. d5
Ne7 9. b4 Ne8 10. c5 f5 11. Ng5 h6 12. Ne6 Bxe6 13. dxe6 fxe4 14. cxd6 Nxd6
15. Qc2 Nef5 16. Nxe4 Nd4 17. Qd3 Nxe4 18. Qxe4 Nxe2+ 19. Qxe2 Qd5 20. Qg4 Rf6
21. e7 Re8 22. Be3 Rxe7 23. Rfd1 Qe6 24. Qh4 Rf5 25. Qe4 b6 26. b5 Kh7 27. a4
h5 28. Rd8 Rf8 29. Rad1 Qf5 30. Qxf5 gxf5 31. Rxf8 Bxf8 32. Bg5 Rf7 33. Rd8 f4
34. h3 Kg6 35. Bh4 Bc5 36. Rg8+ Kf5 37. Rg5+ Ke4 38. Rxh5 Rd7 39. Kh2 Rd2 40.
Rh7 Bd6 41. f3+ Kf5 42. Be7 Kg6 43. Bxd6 Kxh7 44. Bxe5 Ra2 45. Bxf4 Rxa4 46.
Bxc7 Ra5 47. Bb8 Rxb5 48. Bxa7 Rb2 49. h4 b5 50. Kh3 b4 51. Bd4 Rd2 52. Be5 b3
53. g4 b2 54. Bxb2 Rxb2 55. f4 Rb3+ 56. Kg2 Kg6 57. Kf2 Kf6 58. h5 Ke6 59. h6
Kf6 60. g5+ Kf5 61. Kg2 Ra3 62. Kf2 Ra1 63. Kg2 Ra4 64. Kg3 Rc4 65. Kh3 Rc1
66. Kg2 Rd1 67. Kf2 Kg6 68. Kg2 Kh5 69. Kf2 Rd8 70. Kg3 Re8 71. Kh3 Re3+ {#d}
1/2-1/2

[Event "MSI Academy Final Open"]
[Site "London ENG"]
[Date "2014.11.21"]
[Round "6.4"]
[White "Khandelwal, Ankush"]
[Black "Krzyzanowski, Patryk"]
[Result "0-1"]
[WhiteElo "2225"]
[BlackElo "1982"]

1. f4 d5 2. Nf3 g6 3. g3 Bg7 4. Bg2 Nd7 5. O-O Nh6 6. Nc3 d4 7. Ne4 O-O 8.
Neg5 e5 9. e4 dxe3 10. dxe3 Qe7 11. Qe2 exf4 12. gxf4 Nc5 13. e4 b6 14. Re1
Ba6 15. c4 Bb7 16. e5 a5 17. Be3 f6 18. exf6 Bxf6 19. Nh4 Bxg2 20. Qxg2 Bxg5
21. fxg5 Nf7 22. Nf3 Nd3 23. Bxb6 Nxe1 24. Rxe1 Qb4 25. Bf2 Qxc4 26. Nd2 Qb4
27. Ne4 Qxb2 28. Nf6+ Kh8 29. h4 Rad8 30. Qe4 Qd2 31. Ng4 Qb4 32. Qg2 Rfe8 33.
Rf1 Qe4 34. Be1 Qxg2+ 35. Kxg2 Re2+ 36. Kf3 Rc2 37. Bxa5 Ne5+ 38. Nxe5 Rf8+
39. Ke4 Rxf1 40. Kd3 Rc5 41. Bc3 Rd1+ 42. Kc2 Kg8 43. a4 Ra1 44. Nd7 Rxc3+ 45.
Kxc3 Rxa4 46. h5 gxh5 47. Kb3 Ra6 {#R} 0-1

[Event "MSI Academy Final Open"]
[Site "London ENG"]
[Date "2014.11.21"]
[Round "6.5"]
[White "Lyell, Mark"]
[Black "Bin-Suhayl, Ieysaa"]
[Result "1-0"]
[WhiteElo "2294"]
[BlackElo "1719"]

1.e4 e6 2.d4 d5 3.Nc3 Nf6 4.e5 Nfd7 5.f4 c5 6.Nf3 Nc6 7.Be3 cxd4 8.Nxd4 Bc5
9.Qd2 Nxd4 10.Bxd4 Qb6 11.O-O-O Bxd4 12.Qxd4 O-O 13.Qxb6 Nxb6 14.Bd3 Bd7
15.Ne2 Na4 16.Nd4 Nc5 17.Rhe1 a6 18.a3 b6 19.Re3 Nxd3+ 20.Rdxd3 Rfc8 21.Rc3
Rxc3 22.Rxc3 Rc8 23.Kd2 Kf8 24.Rxc8+ Bxc8 25.b4 Ke7 26.a4 Kd8 27.a5 b5 28.Ke3
Ke7 29.Nf3 f6 30.Kd4 Kd7 31.Kc5 Kc7 32.h4 Bd7 33.g4 Be8 34.exf6 gxf6 35.g5 f5
36.Nd4 Bf7 37.h5 e5 38.fxe5 f4 39.h6 Kd7 40.e6+ Bxe6 41.g6 Bg8 42.gxh7 Bxh7
43.Kxd5 f3 44.Nxf3 Bxc2 45.Ng5 Bg6 46.Kc5 Kc7 47.h7 Bxh7 48.Nxh7 Kb7 49.Kd6
Kc8 50.Kc6 Kb8 51.Kb6 {#r} 1-0

[Event "MSI Academy Final Open"]
[Site "London ENG"]
[Date "2014.11.21"]
[Round "6.6"]
[White "Jones, Steven A"]
[Black "Prior, Stephen C V"]
[Result "0-1"]
[WhiteElo "2114"]
[BlackElo "2018"]

1. e4 c5 2. Nf3 d6 3. d4 cxd4 4. Nxd4 Nf6 5. Nc3 e6 6. g4 h6 7. h3 Qb6 8. Nb3
a6 9. Be3 Qc7 10. Bg2 Nc6 11. Qe2 Bd7 12. f4 Be7 13. O-O-O Rc8 14. h4 h5 15.
g5 Ng4 16. Bg1 b5 17. Bf3 Na5 18. Bxg4 hxg4 19. Nxa5 Qxa5 20. a3 d5 21. Bd4 b4
22. axb4 Bxb4 23. Bxg7 Bb5 24. Qxg4 Qa1+ 25. Nb1 Rg8 26. Bf6 dxe4 27. f5 Bd3
28. Rxd3 exd3 29. c3 d2+ 30. Kxd2 Qxb2+ 31. Kd3 Bd6 32. fxe6 Qb5+ 33. Kc2 Rc4
34. exf7+ Kxf7 35. Qh5+ Rg6 36. Qh7+ Kf8 37. Qxg6 Qa4+ 38. Kd3 Rc7 39. Bg7+
Rxg7 40. Qxd6+ Kg8 41. Qd5+ Kh8 42. Rf1 Rd7 43. Rf8+ Kg7 44. Rg8+ Kh7 45. g6+
Kh6 46. Rh8+ Kxg6 47. h5+ Kg7 48. Rg8+ Kh7 49. Rg5 Rxd5+ 50. Rxd5 Qd1+ 51. Nd2
Qg4 52. c4 Qg3+ 53. Kd4 Qf2+ 54. Ke5 a5 55. Ne4 Qb2+ 56. Ke6 a4 57. c5 a3 58.
c6 a2 59. c7 Qb6+ 60. Kd7 a1=Q 61. c8=Q Qg7+ 62. Ke8 Qg8+ 63. Ke7 Qxc8 {#R}
0-1

[Event "MSI Academy Final Open"]
[Site "London ENG"]
[Date "2014.11.22"]
[Round "7.1"]
[White "Fodor, Tamas Jr."]
[Black "Gupta, Arul"]
[Result "1-0"]
[WhiteElo "2502"]
[BlackElo "2049"]

1. d4 d5 2. c4 e6 3. Nc3 f5 4. Nf3 c6 5. Bf4 Nf6 6. e3 Be7 7. h3 O-O 8. Qc2
Ne4 9. Be2 Nd7 10. O-O g5 11. Bh2 Qe8 12. Nd2 Rf6 13. f3 Nxc3 14. bxc3 b6 15.
Rae1 Bb7 16. Bd3 Qf7 17. Bg3 Re8 18. f4 Rg6 19. cxd5 cxd5 20. Bb5 Bd6 21. Qa4
Bc8 22. Qxa7 Bb8 23. Qa8 Qg7 24. Rf2 g4 25. h4 h5 26. c4 Qf7 27. Bc6 dxc4 28.
Nxc4 Bc7 29. Ne5 Bxe5 30. fxe5 Qe7 31. a3 Rg7 32. e4 fxe4 33. Rxe4 Rd8 34. d5
exd5 35. Bxd5+ Kh8 36. Qc6 Nc5 37. Ref4 Be6 38. Bxe6 Qxe6 39. Rf8+ Rxf8 40.
Rxf8+ Kh7 41. Qa8 Rg8 42. Rxg8 Qxg8 43. Qa7+ Qg7 44. Qxb6 Ne4 45. Qb1 Qg6 46.
Qb7+ Kg8 47. Qc8+ Kf7 48. Qd7+ Kf8 49. Bf4 g3 50. e6 Nf6 51. Qf7+ Qxf7 52.
exf7 Ne4 53. a4 Kxf7 54. a5 Nc5 55. Bxg3 Ke6 56. Kf2 Na6 57. Ke3 Kf5 58. Kd4
Ke6 59. Kc4 Kd7 60. Kb5 {#r} 1-0

[Event "MSI Academy Final Open"]
[Site "London ENG"]
[Date "2014.11.22"]
[Round "7.2"]
[White "Arkell, Keith C"]
[Black "Kirk, Ezra"]
[Result "1-0"]
[WhiteElo "2460"]
[BlackElo "2295"]

1. Nf3 Nf6 2. c4 g6 3. Nc3 Bg7 4. d4 O-O 5. g3 d6 6. Bg2 Nc6 7. O-O a6 8. b3
Rb8 9. Nd5 Nh5 10. Bb2 e6 11. Nc3 b5 12. d5 Ne7 13. dxe6 fxe6 14. c5 Bb7 15.
cxd6 cxd6 16. Qd2 Qb6 17. Rad1 Rbd8 18. Nb1 e5 19. Ne1 Bxg2 20. Kxg2 b4 21.
Nf3 Nf6 22. Qe1 Qb7 23. Kg1 Qc8 24. Qxb4 Qe6 25. Nbd2 Nfd5 26. Qe4 Nf4 27.
gxf4 Rxf4 28. Qb7 d5 29. Kh1 Rd7 30. Ng5 Qg4 31. f3 Qxg5 32. Qxd7 Rh4 33. Qe6+
Kf8 34. Ne4 Qf4 35. Rf2 {#r} 1-0

[Event "MSI Academy Final Open"]
[Site "London ENG"]
[Date "2014.11.22"]
[Round "7.3"]
[White "Krzyzanowski, Patryk"]
[Black "Cherniaev, Alexander"]
[Result "0-1"]
[WhiteElo "1982"]
[BlackElo "2475"]

1. c4 g6 2. g3 Bg7 3. Bg2 e5 4. Nc3 d6 5. d3 f5 6. Nf3 Nc6 7. Bg5 Nf6 8. Nd5
h6 9. Bxf6 Bxf6 10. Nxf6+ Qxf6 11. O-O g5 12. b4 Nxb4 13. Qa4+ Nc6 14. Nd4
exd4 15. Bxc6+ Kf7 16. Bd5+ Kg6 17. Rab1 c6 18. Bf3 h5 19. e3 dxe3 20. fxe3
Qe5 21. Rfe1 h4 22. d4 Qf6 23. gxh4 g4 24. h5+ Kxh5 25. Bg2 Kg6 26. Qa3 Rh7
27. Rf1 Be6 28. d5 cxd5 29. cxd5 Bd7 30. Rxb7 Qe5 31. Rf4 Rc8 32. Qxa7 Rc1+
33. Bf1 Rxf1+ 34. Kxf1 Bb5+ 35. Kg2 Qxd5+ 36. e4 Rxb7 37. Qf2 Qe5 38. exf5+
Kg5 39. h4+ gxh3+ 40. Kxh3 Rh7+ 41. Rh4 Bf1+ {#R} 0-1

[Event "MSI Academy Final Open"]
[Site "London ENG"]
[Date "2014.11.22"]
[Round "7.4"]
[White "Lyell, Mark"]
[Black "Hebden, Mark L"]
[Result "0-1"]
[WhiteElo "2294"]
[BlackElo "2527"]

1. e4 e5 2. Nf3 Nc6 3. d4 exd4 4. Nxd4 Nf6 5. Nxc6 bxc6 6. e5 Ne4 7. Nd2 Nc5
8. Be2 d5 9. exd6 cxd6 10. O-O Be7 11. Nb3 Nxb3 12. axb3 d5 13. Be3 a5 14. Qd2
O-O 15. Ra2 Bb4 16. c3 Bd6 17. b4 Be6 18. Bc5 Bxc5 19. bxc5 Re8 20. Rfa1 d4
21. c4 Bf5 22. Rxa5 Rxa5 23. Rxa5 d3 24. Bf3 h6 25. b4 Qd4 26. h3 Qxc4 27. Ra1
Be4 28. Bxe4 Rxe4 29. Ra8+ Kh7 30. Rd8 Rd4 31. Rxd4 Qxd4 32. Kh2 f5 33. f4 Qc4
34. Qe3 Qe4 35. Qd2 Qe2 {#R} 0-1

[Event "MSI Academy Final Open"]
[Site "London ENG"]
[Date "2014.11.22"]
[Round "7.6"]
[White "Prior, Stephen C V"]
[Black "Boardman, Jeffrey"]
[Result "1-0"]
[WhiteElo "2018"]
[BlackElo "2017"]

1. e4 c5 2. Nf3 Nc6 3. d4 cxd4 4. Nxd4 e5 5. Nb5 a6 6. Nd6+ Bxd6 7. Qxd6 Qf6
8. Qd1 Qg6 9. f3 Nge7 10. Nc3 O-O 11. Be3 d5 12. Nxd5 Nxd5 13. Qxd5 Rd8 14.
Qc5 Be6 15. Kf2 Rac8 16. c3 f5 17. exf5 Qxf5 18. Qb6 e4 19. f4 Ne5 20. h3 Bc4
21. g4 Qf8 22. Kg3 Rc6 23. Bxc4+ Nxc4 24. Qxb7 Rcd6 25. Bd4 Rb8 26. Qxe4 Rxb2
27. Bc5 Nd2 28. Qe2 Qa8 29. Rhe1 Rd8 30. Bd4 h5 31. Qe6+ Kh8 32. Qh6+ {#r} 1-0

[Event "MSI Academy Final Open"]
[Site "London ENG"]
[Date "2014.11.22"]
[Round "7.7"]
[White "Warman, Simon M"]
[Black "Khandelwal, Ankush"]
[Result "1/2-1/2"]
[WhiteElo "2111"]
[BlackElo "2225"]

1. e4 e5 2. Nf3 Nc6 3. Bb5 Bc5 4. O-O Nf6 5. Nxe5 Nxe5 6. d4 a6 7. dxe5 axb5
8. exf6 Qxf6 9. Nc3 c6 10. e5 Qg6 11. Re1 O-O 12. Ne4 Bb6 13. Qd6 f6 14. exf6
Re8 15. f7+ Qxf7 16. Qg3 Rf8 17. Be3 Bxe3 18. Rxe3 d5 19. Nd6 Qf6 20. Rae1 Bg4
21. Re7 Rxa2 22. h3 Bh5 23. R1e6 Qxb2 24. Rxb7 Ra3 25. Qg5 h6 26. Rxh6 Qa1+
27. Kh2 Rxh3+ 28. Kxh3 Qh1+ 29. Kg3 Rf3+ 30. gxf3 Qxf3+ 31. Kh2 Qxf2+ 32. Qg2
Qh4+ 33. Kg1 Qe1+ 34. Qf1 Qg3+ 35. Qg2 {#d} 1/2-1/2

[Event "MSI Academy Final Open"]
[Site "London ENG"]
[Date "2014.11.22"]
[Round "8.1"]
[White "Fodor, Tamas Jr."]
[Black "Krzyzanowski, Patryk"]
[Result "1-0"]
[WhiteElo "2502"]
[BlackElo "1982"]

1. d4 d5 2. c4 c6 3. Nc3 e6 4. Nf3 dxc4 5. e3 b5 6. a4 Bb4 7. Bd2 a5 8. axb5
Bxc3 9. Bxc3 cxb5 10. b3 Bb7 11. bxc4 b4 12. Bb2 Nf6 13. Bd3 Nbd7 14. O-O Qc7
15. Nd2 O-O 16. f4 a4 17. Rf2 Bc6 18. e4 a3 19. Bc1 Qb6 20. e5 Ba4 21. c5 Nxc5
22. dxc5 Qxc5 23. Qf3 Qd4 24. Ra2 Rfc8 25. Bxa3 bxa3 26. exf6 Rc1+ 27. Bf1 Bc6
28. Qg3 Qxf6 29. Rxa3 Rd8 30. Qe3 Qb2 31. Rb3 Qa1 32. Qb6 Qa8 33. Rb1 Rxb1 34.
Qxb1 Qa7 35. Nc4 Ba4 36. Qa1 Rd1 37. Qa3 h6 38. Qe3 Qxe3 39. Nxe3 Rb1 40. Ra2
Rb4 41. g3 g6 42. Kf2 Kg7 43. Bg2 h5 44. Nf1 h4 45. Nd2 hxg3+ 46. hxg3 Kh6 47.
Nf3 Bc6 48. Ne5 Bxg2 49. Kxg2 Rb7 50. Kf3 f6 51. Ng4+ Kg7 52. Ra6 Kf7 53. Nf2
Rb3+ 54. Kg4 Re3 55. Kh4 g5+ 56. fxg5 fxg5+ 57. Kg4 Kf6 58. Ra8 Re2 59. Kh5
Ke7 60. Ng4 Rg2 61. Ra3 Kd6 62. Kxg5 Rg1 63. Nf6 e5 64. g4 {#r} 1-0

[Event "MSI Academy Final Open"]
[Site "London ENG"]
[Date "2014.11.22"]
[Round "8.2"]
[White "Bin-Suhayl, Ieysaa"]
[Black "Arkell, Keith C"]
[Result "0-1"]
[WhiteElo "1719"]
[BlackElo "2460"]

1. Nf3 b5 2. e4 Bb7 3. Bxb5 Bxe4 4. Nc3 Bb7 5. O-O Nf6 6. d4 e6 7. Re1 Be7 8.
Bf4 O-O 9. Bd3 c5 10. Nb5 Nd5 11. Bg3 cxd4 12. Be4 Qb6 13. Qd3 Nb4 14. Qb3
Bxe4 15. Nc7 Bd5 16. Nxa8 Qb7 17. Qa4 Bxf3 18. gxf3 Qxa8 19. Bxb8 Rxb8 20.
Qxd7 Bf6 21. Qa4 Qxf3 22. Qxa7 Rf8 23. Qc5 Nd5 24. Qc6 h5 25. Qb7 h4 26. Qb3
Ne3 27. Rxe3 dxe3 28. Qxe3 Qxe3 29. fxe3 Bxb2 30. Rb1 Bf6 31. Rb4 Rc8 32. c4
Bc3 33. Ra4 h3 34. Kf2 Be5 35. Kg1 Rb8 36. c5 Rb2 37. c6 Bxh2+ 38. Kf1 Bc7 39.
Rh4 h2 40. a4 Rb1+ 41. Kg2 Rg1+ 42. Kf2 h1=Q 43. Rxh1 Rxh1 {#R} 0-1

[Event "MSI Academy Final Open"]
[Site "London ENG"]
[Date "2014.11.22"]
[Round "8.3"]
[White "Hebden, Mark L"]
[Black "Gupta, Arul"]
[Result "1-0"]
[WhiteElo "2527"]
[BlackElo "2049"]

1. d4 d5 2. Nf3 e6 3. c4 f5 4. g3 c6 5. Bg2 Bd6 6. O-O Nf6 7. Bf4 Bxf4 8. gxf4
O-O 9. Ne5 Nbd7 10. Nc3 Nxe5 11. fxe5 Ne4 12. Rc1 Bd7 13. e3 Be8 14. Ne2 Qe7
15. Qe1 Ng5 16. Kh1 Nf7 17. f4 Nh8 18. Bf3 Ng6 19. cxd5 cxd5 20. Nc3 Bc6 21.
Rg1 Rfc8 22. Rc2 Nf8 23. Rcg2 g6 24. h4 Kf7 25. h5 Nd7 26. Rh2 Rh8 27. Qg3
Rag8 28. Nd1 Nf8 29. Nf2 Ke8 30. Nh3 Kd7 31. Qe1 Kc8 32. Qa5 Kb8 33. Rhg2 Nd7
34. Kh2 Nb6 35. b3 Qd7 36. Qb4 Nc8 37. a4 Qe7 38. Qxe7 Nxe7 39. Ng5 gxh5 40.
Nxe6 Rxg2+ 41. Rxg2 h4 42. Rg7 Ng6 43. Nc5 Kc8 44. Bh5 Be8 45. Nxb7 Kb8 46.
Nd6 a6 47. Nxe8 Rxe8 48. Rxh7 Rg8 49. Rf7 {#r} 1-0

[Event "MSI Academy Final Open"]
[Site "London ENG"]
[Date "2014.11.22"]
[Round "8.4"]
[White "Cherniaev, Alexander"]
[Black "Lyell, Mark"]
[Result "1-0"]
[WhiteElo "2475"]
[BlackElo "2294"]

1. d4 f5 2. g3 Nf6 3. Bg2 e6 4. c4 d5 5. Nh3 c6 6. O-O Bd6 7. b3 O-O 8. Qc2 a5
9. Ba3 Bxa3 10. Nxa3 Qe7 11. Qb2 Nbd7 12. Rac1 h6 13. Nf4 Qf7 14. Nd3 g5 15.
f3 Qg7 16. Nb1 Rd8 17. Nd2 Nf8 18. Rce1 Ng6 19. e4 f4 20. e5 Ne8 21. gxf4 gxf4
22. Kh1 Kh7 23. Rg1 Qf7 24. Nf2 Ng7 25. Ng4 Nh5 26. Bf1 Nh4 27. Bd3+ Nf5 28.
Qb1 Rg8 29. Rg2 Bd7 30. Reg1 Qe7 31. Qe1 Raf8 32. Nb1 Be8 33. cxd5 cxd5 34.
Nc3 Bg6 35. Bxf5 Bxf5 36. Nb5 b6 37. Nd6 Bxg4 38. Rxg4 Rxg4 39. Qb1+ Kh8 40.
Rxg4 Qh7 41. Qg6 Qxg6 42. Rxg6 Ng7 43. Rxh6+ Kg8 44. Kg2 Rd8 45. Kf2 Rd7 46.
Ke1 Rc7 47. Kd2 Nf5 48. Nxf5 exf5 49. Rg6+ Kh8 50. h4 Rh7 51. e6 Re7 {#r} 1-0

[Event "MSI Academy Final Open"]
[Site "London ENG"]
[Date "2014.11.22"]
[Round "8.5"]
[White "Prior, Stephen C V"]
[Black "Kirk, Ezra"]
[Result "0-1"]
[WhiteElo "2018"]
[BlackElo "2295"]

1. e4 c5 2. Nf3 Nc6 3. d4 cxd4 4. Nxd4 g6 5. c4 Bg7 6. Nc2 Nf6 7. Nc3 O-O 8.
Be2 d6 9. O-O Nd7 10. Bd2 a5 11. Rb1 Nc5 12. b3 f5 13. f3 fxe4 14. Nxe4 Nxe4
15. fxe4 Bd7 16. Rxf8+ Qxf8 17. Bg4 e6 18. Be3 Qe7 19. Qd2 Be5 20. Bg5 Qg7 21.
Rd1 h5 22. Bf3 Be8 23. Kh1 Kh7 24. a3 Qc7 25. Qd3 Rc8 26. Be3 Nd8 27. Nd4 Qe7
28. Bf2 Nf7 29. Be1 a4 30. b4 Bg7 31. Be2 Bd7 32. Nf3 Be8 33. Bg3 e5 34. Nd2
Bh6 35. Nb1 Bf4 36. Be1 Rb8 37. Nc3 Bg5 38. Nd5 Qd8 39. b5 Bd7 40. Bf2 Be6 41.
Nb6 h4 42. Nxa4 Qa5 43. Nb6 Rf8 44. Bg1 Bd8 45. Nd5 Ng5 46. Rf1 Rxf1 47. Bxf1
Qe1 48. Qe2 Qa1 49. Qf2 Nxe4 50. Qf8 Bg5 51. Ne7 Qe1 52. Bd3 Be3 53. Qf1 Qxf1
54. Bxf1 Nf2+ 55. Bxf2 Bxf2 56. a4 b6 57. Nd5 g5 58. Nf6+ Kg6 59. Ne4 Bc5 60.
Bd3 Kh6 61. a5 bxa5 62. Nxc5 dxc5 63. b6 Bc8 64. Bc2 Kg7 65. Kg1 Kf6 66. Kf2
Bb7 67. Ke3 Ke6 68. g3 Kd7 69. Ba4+ Kd6 70. Be8 Bc6 71. Bg6 a4 72. Kd2 Bf3 73.
gxh4 gxh4 74. Bb1 Kc6 75. Ke3 Bh1 76. Kd2 Kxb6 77. Bd3 Ka5 78. Kc3 Bf3 79. Bb1
e4 80. Ba2 e3 81. Kd3 e2 82. Kd2 Kb4 {#R} 0-1

[Event "MSI Academy Final Open"]
[Site "London ENG"]
[Date "2014.11.22"]
[Round "8.6"]
[White "Boardman, Jeffrey"]
[Black "Khandelwal, Ankush"]
[Result "0-1"]
[WhiteElo "2017"]
[BlackElo "2225"]

1. e4 e5 2. Nf3 Nc6 3. Bc4 Bc5 4. b4 Bxb4 5. c3 Ba5 6. d4 exd4 7. O-O Nf6 8.
e5 d5 9. exf6 dxc4 10. fxg7 Rg8 11. cxd4 Be6 12. Bg5 Qd5 13. Bf6 Qf5 14. Bh4
Rxg7 15. Nbd2 Bxd2 16. Nxd2 Nxd4 17. Rc1 Qd3 18. Qa4+ b5 19. Qb4 Rxg2+ 20.
Kxg2 Qh3+ 21. Kh1 Qxh4 22. Rce1 O-O-O 23. Qc5 Bd5+ 24. f3 Nxf3 25. Nxf3 Bxf3+
26. Rxf3 Qxe1+ 27. Kg2 Qe2+ 28. Kg3 Rg8+ 29. Kf4 Qxh2+ 30. Ke4 Re8+ 31. Kd4
Qd2+ {#R} 0-1

[Event "MSI Academy Final Open"]
[Site "London ENG"]
[Date "2014.11.23"]
[Round "9.1"]
[White "Khandelwal, Ankush"]
[Black "Fodor, Tamas Jr."]
[Result "1-0"]
[WhiteElo "2225"]
[BlackElo "2502"]

1. f4 Nf6 2. Nf3 d5 3. g3 c5 4. Bg2 Nc6 5. O-O e6 6. d3 Be7 7. Nc3 Qb6 8. Kh1
O-O 9. e4 dxe4 10. dxe4 Rd8 11. Nd2 Nd4 12. g4 Bd7 13. g5 Ne8 14. f5 Qa6 15.
f6 gxf6 16. gxf6 Bxf6 17. Rxf6 Nxf6 18. e5 Nd5 19. Nde4 Kh8 20. Ng5 f6 21.
Nf7+ Kg8 22. Nh6+ Kf8 23. Qg4 Ne7 24. Qh4 Bc6 25. Qxf6+ Ke8 26. Bg5 Bxg2+ 27.
Kxg2 Kd7 28. Qxe7+ Kc6 29. Qxh7 Rd7 30. Qe4+ Kc7 31. Ng4 Nf5 32. Nf6 Rd4 33.
Qe2 Qc6+ 34. Kg1 Rb4 35. Qh5 Nd4 36. Rf1 Rxb2 37. Nfd5+ exd5 38. Rf6 Rxc2 39.
Qh7+ Kb6 40. Nxd5+ Ka5 41. Rxc6 bxc6 42. Bd8+ Ka4 43. Qb7 {#r} 1-0

[Event "MSI Academy Final Open"]
[Site "London ENG"]
[Date "2014.11.23"]
[Round "9.2"]
[White "Arkell, Keith C"]
[Black "Warman, Simon M"]
[Result "1-0"]
[WhiteElo "2460"]
[BlackElo "2111"]

1. d4 c5 2. d5 d6 3. e4 Nf6 4. Nc3 g6 5. Nf3 Bg7 6. Bb5+ Nfd7 7. a4 O-O 8. O-O
Na6 9. Bf4 Nf6 10. h3 Nb4 11. Re1 Nh5 12. Bh2 f5 13. e5 dxe5 14. Bxe5 Bxe5 15.
Rxe5 Qd6 16. Qd2 Nf6 17. Rae1 Ne4 18. Nxe4 fxe4 19. R1xe4 Bf5 20. Qh6 Rf7 21.
Ng5 Raf8 22. Nxf7 Rxf7 23. Re2 Bxc2 24. Bc4 Bxa4 25. g3 b5 26. Re6 Qd7 27.
Rxe7 Qf5 28. g4 Qf6 29. Rxf7 Kxf7 30. g5 Qh8 31. d6+ bxc4 32. Re7+ Kg8 33. d7
Bxd7 34. Rxd7 Nc6 35. Rc7 Nd8 36. Re7 {#r} 1-0

[Event "MSI Academy Final Open"]
[Site "London ENG"]
[Date "2014.11.23"]
[Round "9.3"]
[White "Hebden, Mark L"]
[Black "Prior, Stephen C V"]
[Result "1-0"]
[WhiteElo "2527"]
[BlackElo "2018"]

1. d4 d5 2. Nf3 Nf6 3. c4 c6 4. e3 e6 5. Bd3 Bd6 6. b3 Nbd7 7. Bb2 O-O 8. Nbd2
Qe7 9. Ne5 c5 10. O-O cxd4 11. exd4 Re8 12. Rc1 Nf8 13. c5 Bb8 14. Re1 N6d7
15. f4 f6 16. Nxd7 Bxd7 17. g3 Qf7 18. b4 Ng6 19. Qh5 a6 20. Re3 Bc7 21. Rce1
Nf8 22. Qe2 Ng6 23. Nf3 Kh8 24. Qc2 Nf8 25. a4 Qh5 26. b5 axb5 27. axb5 Qg4
28. Qg2 Ra2 29. h3 Qh5 30. R3e2 Ba5 31. Rf1 Re7 32. Rc2 Qe8 33. Qe2 Qh5 34.
Nh4 Qxe2 35. Rxe2 Re8 36. Rc1 g6 37. g4 Kg7 38. Kf2 Kf7 39. g5 Bc7 40. Kf3
fxg5 41. fxg5 e5 42. dxe5 Ne6 43. Ke3 Rxb2 44. Rxb2 Bxe5 45. Rb4 Nxg5 46. Kd2
Nxh3 47. c6 bxc6 48. bxc6 Bc8 49. Rf1+ Ke6 50. Nf3 Bf4+ 51. Rxf4 Nxf4 52. Re1+
Kf7 53. Ng5+ Kf8 54. Nxh7+ Kf7 55. Ng5+ Kf8 56. Rf1 Ke7 57. Rxf4 Bf5 58. Nf3
Kd6 59. Nd4 Ke5 60. Rh4 g5 61. Rh6 Bc8 62. Ke3 Be6 63. c7 Bc8 64. Nf3# 1-0

[Event "MSI Academy Final Open"]
[Site "London ENG"]
[Date "2014.11.23"]
[Round "9.4"]
[White "Gupta, Arul"]
[Black "Cherniaev, Alexander"]
[Result "0-1"]
[WhiteElo "2049"]
[BlackElo "2475"]

1. e4 g6 2. d4 Bg7 3. Nf3 c6 4. Nc3 d5 5. e5 Bg4 6. Be2 Bxf3 7. Bxf3 e6 8. O-O
Ne7 9. Bg5 h6 10. Bf4 O-O 11. Qd2 Kh7 12. Na4 Nd7 13. b3 Nf5 14. Rfe1 f6 15.
exf6 Qxf6 16. Be5 Nxe5 17. dxe5 Qe7 18. Nb2 Rad8 19. c3 c5 20. Bd1 h5 21. Bc2
Bh6 22. Qe2 Rf7 23. Rad1 Rdf8 24. Bxf5 Rxf5 25. f3 Bg7 26. Nd3 b5 27. Qf2 c4
28. bxc4 bxc4 29. Nb4 Qc7 30. Na6 Qb7 31. Nc5 Qc6 32. Rb1 R8f7 33. a4 Bf8 34.
Rb5 a6 35. Ra5 Qb6 36. Rxa6 Qxc5 37. Qxc5 Bxc5+ 38. Kf1 Re7 39. Rc6 Ba3 40. a5
Bb2 41. a6 Bxc3 42. Rb1 Rff7 43. Rbb6 Bd4 {#R} 0-1

[Event "MSI Academy Final Open"]
[Site "London ENG"]
[Date "2014.11.23"]
[Round "9.5"]
[White "Kirk, Ezra"]
[Black "Bin-Suhayl, Ieysaa"]
[Result "1-0"]
[WhiteElo "2295"]
[BlackElo "1719"]

1. d4 Nf6 2. Nf3 c5 3. d5 b5 4. c4 bxc4 5. Nc3 d6 6. e4 g6 7. Nd2 Bg7 8. Nxc4
Nbd7 9. Be2 Nb6 10. Ne3 O-O 11. O-O a5 12. f4 Nfd7 13. Kh1 Ba6 14. Bxa6 Rxa6
15. Qe2 Qa8 16. Bd2 Rb8 17. Rad1 Qb7 18. Bc1 Rc8 19. Rf3 c4 20. Rdf1 Bxc3 21.
bxc3 Na4 22. Nc2 Nb2 23. Rh3 Nd3 24. Be3 Qb2 25. Bd4 Rb8 26. e5 Qxa2 27. e6
Nf8 28. f5 f6 29. fxg6 Rb1 30. gxh7+ Kh8 31. Bxf6+ exf6 32. e7 Ra8 33. Rf3 Ne5
34. Rxf6 Nxh7 35. Rxd6 Rxf1+ 36. Qxf1 Nf7 37. Re6 Re8 38. Qxf7 Qb1+ 39. Re1
{#r} 1-0

[Event "MSI Academy Final Open"]
[Site "London ENG"]
[Date "2014.11.23"]
[Round "9.6"]
[White "Lyell, Mark"]
[Black "Boardman, Jeffrey"]
[Result "1-0"]
[WhiteElo "2294"]
[BlackElo "2017"]

1. e4 c5 2. Nc3 Nc6 3. Bb5 g6 4. Bxc6 dxc6 5. d3 Bg7 6. Be3 Qa5 7. Qd2 Nf6 8.
Nf3 Ng4 9. Bg5 Qb4 10. Rb1 Ne5 11. Nxe5 Bxe5 12. O-O Qd4 13. Kh1 Qd6 14. f4
Bg7 15. f5 Be5 16. Bf4 Bxf4 17. Qxf4 Qxf4 18. Rxf4 e5 19. Rf3 g5 20. h4 g4 21.
Rff1 f6 22. h5 Rg8 23. Kh2 Ke7 24. Kg3 Bd7 25. Rh1 Rg5 26. Rh4 Rag8 27. Rbh1
h6 28. Nd1 Be8 29. Ne3 R8g7 30. R1h2 Bf7 31. a3 b5 32. Nxg4 c4 33. dxc4 Bxc4
34. Kf3 Be2+ 35. Kxe2 Rxg4 36. Kf2 R4g5 37. R4h3 Rg4 38. Rh4 R4g5 39. c3 a5
40. R4h3 Rg4 41. Rh4 R4g5 42. b3 Rg3 43. R4h3 R3g4 44. Rh4 a4 45. bxa4 bxa4
46. Rxg4 Rxg4 47. Kf3 Rf4+ 48. Ke3 Rf1 49. g3 Ra1 50. Rb2 Rxa3 51. Rb7+ Kf8
52. Kd3 Ra1 53. Kc4 Re1 54. Kc5 Rxe4 55. Kd6 Rg4 56. Ke6 a3 57. Kxf6 Kg8 58.
Ra7 e4 59. Rxa3 e3 60. Ra8+ Kh7 61. Re8 Rxg3 62. c4 c5 63. Re7+ Kh8 64. Re5
Kh7 65. Rxc5 Rg4 66. Rc7+ Kg8 67. Rc8+ Kh7 68. Re8 Rg8 69. Re7+ Kh8 70. Rxe3
Rc8 71. Kg6 Kg8 72. f6 Kf8 73. Re4 Ra8 74. c5 Ra5 75. Rc4 Ra7 76. c6 Rc7 77.
Ra4 Rc8 78. Ra7 Kg8 79. Rg7+ Kh8 80. Rh7+ Kg8 81. f7+ {#r} 1-0

[Event "MSI Academy Final Open"]
[Site "London ENG"]
[Date "2014.11.23"]
[Round "9.7"]
[White "Krzyzanowski, Patryk"]
[Black "Haldane, Robin W"]
[Result "1-0"]
[WhiteElo "1982"]
[BlackElo "2062"]

1. d4 d5 2. c4 e6 3. Nf3 Nf6 4. Nc3 Be7 5. Bg5 O-O 6. cxd5 exd5 7. e3 c6 8.
Bd3 h6 9. Bh4 Ne4 10. Bxe7 Qxe7 11. Qc2 Re8 12. O-O Nd7 13. Rab1 f5 14. b4 g5
15. b5 Ndf6 16. bxc6 bxc6 17. Ne5 Qd6 18. Na4 Nd7 19. Nxc6 Nd2 20. Qxd2 Qxc6
21. Nc3 Rf8 22. Qc2 Nb6 23. Rfc1 h5 24. a4 Be6 25. a5 Nd7 26. Qe2 {#r} 1-0